| 000 | 00981nam a22002537a 4500 | ||
|---|---|---|---|
| 005 | 20170124102955.0 | ||
| 010 | _aA-591159 | ||
| 020 | _c25.00 | ||
| 035 | _aA-591159 | ||
| 037 | _bCen Lib/Ret | ||
| 040 |
_aDPL _bHN |
||
| 082 |
_a821 _bनजीर |
||
| 245 |
_aनज़ीर अकबराबादी / _cसम्पादक सरस्वती सरन |
||
| 246 |
_aNazeer akbarabadi / _bsampadak Saraswati Saran |
||
| 260 |
_aदिल्ली _bराजपाल एंड संस _c1992 |
||
| 270 |
_bदिल्ली _aकश्मीरी गेट _e110006 |
||
| 300 |
_a104पृ. _c17सेमी (सजिल्द) |
||
| 650 |
_aहिन्दी -- साहित्य _952811 |
||
| 650 |
_aहिन्दी -- काव्य _9779 |
||
| 650 |
_aHindi -- literature _952812 |
||
| 650 |
_aHindi - Poetry _952813 |
||
| 700 |
_aसरस्वती सरन _94358 |
||
| 942 |
_2ddc _cHN _h821 _mनजीर |
||
| 999 |
_c113562 _d113562 |
||